MARC details
| 000 -LEADER |
| fixed length control field |
02743cab a2200529 4500 |
| 001 - CONTROL NUMBER |
| control field |
ABS55647 |
| 008 - FIXED-LENGTH DATA ELEMENTS--GENERAL INFORMATION |
| fixed length control field |
090401t1996 xxu||||| |||| 00| 0 eng d |
| 035 ## - SYSTEM CONTROL NUMBER |
| System control number |
(Sirsi) u17762 |
| 041 ## - LANGUAGE CODE |
| Language code of text/sound track or separate title |
eng |
| 100 ## - MAIN ENTRY--PERSONAL NAME |
| Personal name |
Knowles, R. |
| 245 ## - TITLE STATEMENT |
| Title |
Developments in law relating to arbitration |
| 260 ## - PUBLICATION, DISTRIBUTION, ETC. |
| Date of publication, distribution, etc. |
1996 |
| 350 ## - PRICE (NR) (BK AM CF MU VM SE) [OBSOLETE] |
| Price |
0 |
| 490 ## - SERIES STATEMENT |
| Series statement |
Arbitration |
| Volume/sequential designation |
62(3) August 1996, 188-195(8) |
| 520 ## - SUMMARY, ETC. |
| Summary, etc. |
A round up of recent arbitration case law dealing with incorporation of arbitration agreements "Alfred McAlpine Construction Ltd v RMG Electrical" 1994, professional misconduct "Amego Litho Ltd v Scanway Ltd" 1994 and "Mount Charlotte Investments plc v Prudential Assurance" 1995, joinder clauses "Erith Contractors v Costain Civil Engineering Ltd" 1993 and "M J Gleeson v Wyatt of Snetteron" 1994, extension of time limits "Crown Estates Commissioners v John Mowlem and Co Ltd" 1994, date of appointment "Robinson v Moody" 1994 and award of costs "Preston Homes (Dorset) Ltd v L Sephton" 1995. |
| 650 ## - SUBJECT ADDED ENTRY--TOPICAL TERM |
| Topical term or geographic name entry element |
ALFRED MCALPINE CONSTRUCTION LTD V R M G ELECTRICAL |
| 650 ## - SUBJECT ADDED ENTRY--TOPICAL TERM |
| Topical term or geographic name entry element |
AMEGO LITHO LTD V SCANWAY LTD |
| 650 ## - SUBJECT ADDED ENTRY--TOPICAL TERM |
| Topical term or geographic name entry element |
ARBITRATION ACT 1996 |
| 650 ## - SUBJECT ADDED ENTRY--TOPICAL TERM |
| Topical term or geographic name entry element |
MANAGEMENT-DISPUTE AVOIDANCE, MANAGEMENT AND RESOLUTION-DISPUTE MANAGEMENT AND RESOLUTION-ARBITRATION |
| 650 ## - SUBJECT ADDED ENTRY--TOPICAL TERM |
| Topical term or geographic name entry element |
AUGHTON V M F KENT SERVICES LTD |
| 650 ## - SUBJECT ADDED ENTRY--TOPICAL TERM |
| Topical term or geographic name entry element |
BEN BARRETT & SON (BRICKWORK) LTD V HENRY BOOT MANAGEMENT |
| 650 ## - SUBJECT ADDED ENTRY--TOPICAL TERM |
| Topical term or geographic name entry element |
CHRISTAINI AND NIELSON LTD V BIRMINGHAM CC |
| 650 ## - SUBJECT ADDED ENTRY--TOPICAL TERM |
| Topical term or geographic name entry element |
CO-OPERATIVE SHOLESALE SOCIETY LTD V BIRSE CONSTRUCTION LT |
| 650 ## - SUBJECT ADDED ENTRY--TOPICAL TERM |
| Topical term or geographic name entry element |
CO-OPERATIVE WHOLESALE SOCIETY LTD V SAUNDERS AND TAYLOR |
| 650 ## - SUBJECT ADDED ENTRY--TOPICAL TERM |
| Topical term or geographic name entry element |
COSTS |
| 650 ## - SUBJECT ADDED ENTRY--TOPICAL TERM |
| Topical term or geographic name entry element |
CRUDEN CONSTRUCTION LTD V COMMISION FOR THE NEW TOWNS |
| 650 ## - SUBJECT ADDED ENTRY--TOPICAL TERM |
| Topical term or geographic name entry element |
D F MONEY V HENRY BOOT CONSTRUCTION LTD |
| 650 ## - SUBJECT ADDED ENTRY--TOPICAL TERM |
| Topical term or geographic name entry element |
ERITH CONTRACTORS V COSTAIN CIVIL ENGNEERING LTD |
| 650 ## - SUBJECT ADDED ENTRY--TOPICAL TERM |
| Topical term or geographic name entry element |
EXTENSION OF TIME |
| 650 ## - SUBJECT ADDED ENTRY--TOPICAL TERM |
| Topical term or geographic name entry element |
FAIRCLOUGH BUILDING LTD V VALE OF BELVOIR |
| 650 ## - SUBJECT ADDED ENTRY--TOPICAL TERM |
| Topical term or geographic name entry element |
GORDON DURHAM AND CO V HADEN YOUNG |
| 650 ## - SUBJECT ADDED ENTRY--TOPICAL TERM |
| Topical term or geographic name entry element |
GRABOURKE V LAING INVESTMENTS (BRACKNELL) LTD |
| 650 ## - SUBJECT ADDED ENTRY--TOPICAL TERM |
| Topical term or geographic name entry element |
HANDLEY V NATIONWIDE |
| 650 ## - SUBJECT ADDED ENTRY--TOPICAL TERM |
| Topical term or geographic name entry element |
JAMES R MORTON V BROADWAY DEVELOPMENTS |
| 650 ## - SUBJECT ADDED ENTRY--TOPICAL TERM |
| Topical term or geographic name entry element |
LOFFICE CHERIFEN DES PHOSPHATES UNITRAMP SA (THE BOUCRAA) |
| 650 ## - SUBJECT ADDED ENTRY--TOPICAL TERM |
| Topical term or geographic name entry element |
M J GLEESON GROUP PLC V WYATT OF SNETTERTON LTD |
| 650 ## - SUBJECT ADDED ENTRY--TOPICAL TERM |
| Topical term or geographic name entry element |
MISCONDUCT |
| 650 ## - SUBJECT ADDED ENTRY--TOPICAL TERM |
| Topical term or geographic name entry element |
MOUNT CHARLOTTE INVESTMENTS PLC V PRUDENTIAL ASSURANCE |
| 650 ## - SUBJECT ADDED ENTRY--TOPICAL TERM |
| Topical term or geographic name entry element |
PRESTON HOMES (DORSET) LTD V L SEPHTON |
| 650 ## - SUBJECT ADDED ENTRY--TOPICAL TERM |
| Topical term or geographic name entry element |
ROBINSON V MOODY |
| 650 ## - SUBJECT ADDED ENTRY--TOPICAL TERM |
| Topical term or geographic name entry element |
TOPSHOPS ESTATES V DANMO |
| 650 ## - SUBJECT ADDED ENTRY--TOPICAL TERM |
| Topical term or geographic name entry element |
TRAFALGAR HOUSE CONSTRUCTION (REGIONS) LTD V RAILTRACK PLC |
| 650 ## - SUBJECT ADDED ENTRY--TOPICAL TERM |
| Topical term or geographic name entry element |
YAMASHITA V SHINNIHON STEAMSHIP CO LTD |
| 690 ## - LOCAL SUBJECT ADDED ENTRY--TOPICAL TERM (OCLC, RLIN) |
| Topical term or geographic name as entry element |
MANAGEMENT-DISPUTE AVOIDANCE, MANAGEMENT AND RESOLUTION-DISPUTE MANAGEMENT AND RESOLUTION-ARBITRATION |
| 942 ## - ADDED ENTRY ELEMENTS (KOHA) |
| Suppress in OPAC |
0 |
| 948 ## - LOCAL PROCESSING INFORMATION (OCLC); SERIES PART DESIGNATOR (RLIN) |
| c (OCLC) |
04/03/1997 |